000 01648cam a2200409 i 4500
005 20260322212019.0
008 data
010 _a 2013474419
020 _a9781435145924
020 _a1435145925
040 _aDLC
_beng
_cDLC
_erda
_dDLC
042 _apcc
043 _an-usu--
_an-usu--
050 0 0 _aE591
_b.D658 2013
082 0 0 _a973.7/5
_223
092 _a973.7 D658 2013
100 1 _aDougherty, Kevin
245 1 0 _aShips of the Civil War, 1861-1865 :
_ban illustrated guide to the fighting vessels of the Union and the Confederacy /
_cKevin Dougherty.
250 _a2013 edition.
264 1 _aNew York :
_bMetro Books,
_c2013.
300 _a224 pages :
_billustrations ;
_c22 x 30 cm
336 _atext
_2rdacontent
337 _aunmediated
_2rdamedia
338 _avolume
_2rdacarrier
504 _aIncludes bibliographical references (page 220) and indexes.
610 1 0 _aUnited States.
_bNavy
_vLists of vessels.
610 1 0 _aConfederate States of America.
_bNavy
_vLists of vessels.
650 0 _aWarships
_zUnited States
_xHistory
_y19th century.
650 0 _aWarships
_zConfederate States of America.
651 0 _aUnited States
_xNaval operations.
_yCivil War, 1861-1865
_xNaval operations.
651 0 _aUnited States
_xNaval operations, Confederate.
_yCivil War, 1861-1865
_xNaval operations, Confederate.
906 _a7
_bcbc
_corignew
_d2
_encip
_f20
_gy-gencatlg
925 0 _aacquire
_b2 shelf copies
_xpolicy default
955 _erf13 2013-11-07 c. 2 to CALM
_erf13 2013-11-07 c. 2 to CALM
_wxl06 2 014-01-07
991 _br-MRR
_hE591
_i.D658 2013
_tCopy 1
_mAlc
_wGenBib
001 data
999 _c418
_d418